| 000 | 00812ntm a22001937a 4500 | ||
|---|---|---|---|
| 008 | 170802s2013 xx a frb 000 0 eng d | ||
| 040 |
_aEG-ScBUE _beng _cEG-ScBUE |
||
| 082 | 0 | 4 |
_a621 _bIBR _222 |
| 100 | 1 | _aIbrahim, Amr Bahaa El-Deen Fouad. | |
| 245 | 1 | 0 |
_aExperimental study on slurry erosion behavior of surfaces for different industrial parts / _cby Amr Bahaa El-Deen Fouad Ibrahim. |
| 260 | _c2013. | ||
| 300 |
_avii, 69 p. : _bill. (col.) ; _c28 cm. |
||
| 500 | _aA dissertation submitted to the faculty of Engineering, the British university in Egypt, in partial fulfillment of the requirements for the Bachelor degree in Mechanical Engineering. | ||
| 590 | _aMirna | ||
| 650 | 7 |
_aMechanical Engineering. _vProjects _2BUEsh |
|
| 653 |
_bENGMEC _cAugust2017 |
||
| 700 | 1 |
_aBadr, Osama. _eths |
|
| 942 | _2ddc | ||
| 999 |
_c25217 _d25189 |
||